LIBRARY & INFORMATION CENTRE, KCAET, TAVANUR

ONLINE PUBLIC ACCESS CATALOGUE (OPAC)

Advances in preservation and processing technologies of fruits and vegetables (Record no. 13735)

MARC details
000 -LEADER
fixed length control field 00393nam a22001337a 4500
020 ## - INTERNATIONAL STANDARD BOOK NUMBER
ISBN 9789380235523
082 ## - DEWEY DECIMAL CLASSIFICATION NUMBER
Classification number 664.02
Item number RAJ/Ad
245 ## - TITLE STATEMENT
Title Advances in preservation and processing technologies of fruits and vegetables
260 ## - PUBLICATION, DISTRIBUTION, ETC. (IMPRINT)
Place of publication New Delhi
Name of publisher New India Publishing Agency
Year of publication 2011
300 ## - PHYSICAL DESCRIPTION
Number of Pages 742 p
700 ## - ADDED ENTRY--PERSONAL NAME
Personal name Rajarathnam, Somasundaram
700 ## - ADDED ENTRY--PERSONAL NAME
Personal name Ramteke, Ramesh Shyam
942 ## - ADDED ENTRY ELEMENTS (KOHA)
Koha item type Reference
Holdings
Withdrawn status Lost status Damaged status Collection code Home library Current library Shelving location Date acquired Source of acquisition Cost, normal purchase price Full call number Accession Number Koha item type
      Reference KAUAET KAUAET Reference 31/03/2012 International Books & Periodicals Supply Service, Delhi 2950.00 664.02 RAJ/Ad 23399 Reference
free website counter